All foreign players St. Mirren FC - Statistics

General Stats
  • This quiz has been taken 15 times
  • The average score is 22 of 70
Answer Stats
Hint Answer % Correct
Ryan Strain
79%
Alexandros Gogić
71%
Keanu Baccus
71%
Thomas Stickroth
64%
Jonah Ayunga
57%
Mihai Popescu
57%
Mikael Mandron
57%
Václav Hladký
50%
Duckens Nazon
43%
Guðmundur Torfason
43%
İlkay Durmuş
43%
Junior Mendes
43%
Simeon Jackson
43%
Víctor Muñoz
43%
Alex Greive
36%
Eric Djemba-Djemba
36%
Franco Miranda
36%
Gerry Baker
36%
Ísak Þorvaldsson
36%
Jeroen Tesselaar
36%
Laurențiu Corbu
36%
Marián Kello
36%
Mo Camara
36%
Moussa Dagnogo
36%
Nigel Hasselbaink
36%
Peter Urminský
36%
Stav Nachmani
36%
Viktor Genev
36%
Yoann Arquin
36%
Aaron Mooy
29%
Anders Dreyer
29%
Cameron Howieson
29%
Christopher Dilo
29%
Ilias Haddad
29%
Jens Paeslack
29%
José Quitongo
29%
Ludovic Roy
29%
Mateo Mužek
29%
Nicolai Brock-Madsen
29%
Oan Djorkaeff
29%
Pål Fjelde
29%
Paul Fenwick
29%
Sander Puri
29%
Seifedin Chabbi
29%
Stelios Dimitriou
29%
Þórólfur Beck
29%
Chris Birchall
21%
Christopher Wreh
21%
Gerhard Fellner
21%
Isma
21%
Janne-Pekka Mäkelä
21%
Maikel Renfurm
21%
Massimo Donati
21%
Matthew Millar
21%
Robert Millar
21%
Sergey Baltacha
21%
Tonet Guerao
21%
Collin Quaner
14%
Hreinn Hringsson
14%
Jure Travner
14%
Mixu Paatelainen
14%
Ryan Edwards
14%
Stéphane Bahoken
14%
Tony Andreu
14%
Zdeněk Zlámal
14%
Abdul Senanu
7%
George O'Neill
7%
Ivan Kristo
7%
Jordan Holmes
7%
Matty Willock
7%
No matching quizzes found
Score Distribution
Percent of People with Each Score
Percentile by Number Answered
Your Score History
You have not taken this quiz